000 00608nam a2200193Ia 4500
003 GCL
008 140319s9999 xx 000 0 ara d
040 _aGCL /
_cGCL
082 0 4 _a344.01
_bس ت
100 1 _aسعيد احمد شعلة
245 1 0 _aالتشريعات العمالية /
_cسعيد احمد شعلة
260 _a[S.N] :
_bمنشاة المعارف الاسلامية ،
_c1987
300 _a366 ص
490 _aالكتب القانونية
_v0
650 0 4 _aالقانون
650 0 4 _aالعمل والعمال
650 0 4 _aالقانون الاجتماعى
942 _2ddc
_cBK
999 _c29262
_d29262